[Event "Biel Credis op"]
[Site "Biel"]
[Date "1995.??.??"]
[Round "1"]
[White "Ambroz, Jan"]
[Black "Masserey, Yvan"]
[Result "1/2-1/2"]
[WhiteElo "2400"]
[BlackElo "2350"]
[PlyCount "41"]
[EventDate "1995.??.??"]
[EventType "swiss"]
[EventRounds "12"]
[EventCountry "SUI"]
[SourceTitle "CBM 048 Extra"]
[Source "ChessBase"]
[SourceDate "1995.11.01"]
[SourceVersion "1"]
[SourceVersionDate "1995.11.01"]
[SourceQuality "1"]

1. e4 e6 2. d3 d5 3. Nd2 Nf6 4. Ngf3 b6 5. c3 Be7 6. Qa4+ Nfd7 7. d4 dxe4 8. Nxe4 Bb7 9. Bd3 0-0 10. Qc2 h6 11. 0-0 c5 12. dxc5 Nxc5 13. Nxc5 Bxc5 14. Bh7+ Kh8 15. Be4 Bxe4 16. Qxe4 Nd7 17. Bf4 Nf6 18. Qe2 Qd5 19. Ne5 Kg8 20. b4 Be7 21. Rfe1 1/2-1/2

[Event "CZE-chT1a"]
[Site "Czech Republic"]
[Date "1995.??.??"]
[Round "?"]
[White "Bores, Roman"]
[Black "Ambroz, Jan"]
[Result "1/2-1/2"]
[WhiteElo "2295"]
[BlackElo "2405"]
[PlyCount "93"]
[EventDate "1995.??.??"]
[EventType "team"]
[EventRounds "11"]
[EventCountry "CZE"]
[SourceTitle "EXT 1997"]
[Source "ChessBase"]
[SourceDate "1996.11.15"]
[SourceVersion "1"]
[SourceVersionDate "1996.11.15"]
[SourceQuality "1"]

1. e4 e6 2. d4 d5 3. Nd2 Be7 4. Bd3 Nf6 5. Ngf3 c5 6. exd5 exd5 7. dxc5 0-0 8. Nb3 Nbd7 9. Be3 a5 10. a4 Qc7 11. Bd4 Ne4 12. 0-0 Ndxc5 13. Nxc5 Bxc5 14. c3 Bg4 15. h3 Bxf3 16. Qxf3 Bxd4 17. cxd4 Nd2 18. Bxh7+ Kxh7 19. Qd3+ Ne4 20. f3 f5 21. fxe4 dxe4 22. Qb5 g6 23. Rac1 Qg7 24. Rfd1 Rfd8 25. Qe5 Rd7 26. Rc5 Qxe5 27. Rxe5 Rad8 28. g4 fxg4 29. Rxe4 gxh3 30. Kh2 Rc8 31. Kxh3 Rc4 32. b3 Rc3+ 33. Kg4 Rxb3 34. d5 Kg7 35. d6 Rb4 36. Rxb4 axb4 37. Rd4 b6 38. Rxb4 Rxd6 39. Kg5 Rd5+ 40. Kg4 Kh6 41. Rxb6 Rd4+ 42. Kg3 Rxa4 43. Rb5 g5 44. Rb3 Kh5 45. Rc3 Rg4+ 46. Kh3 Rg1 47. Kh2 1/2-1/2

[Event "CZE-chT1a"]
[Site "Czech Republic"]
[Date "1995.??.??"]
[Round "?"]
[White "Dolezal, Radoslav"]
[Black "Ambroz, Jan"]
[Result "1/2-1/2"]
[WhiteElo "2260"]
[BlackElo "2405"]
[PlyCount "83"]
[EventDate "1995.??.??"]
[EventType "team"]
[EventRounds "11"]
[EventCountry "CZE"]
[SourceTitle "EXT 1997"]
[Source "ChessBase"]
[SourceDate "1996.11.15"]
[SourceVersion "1"]
[SourceVersionDate "1996.11.15"]
[SourceQuality "1"]

1. e4 e6 2. d4 d5 3. Nd2 Nc6 4. Ngf3 Nf6 5. e5 Nd7 6. b3 a5 7. a3 f6 8. exf6 Qxf6 9. Bb2 Bd6 10. c4 0-0 11. Be2 Qh6 12. 0-0 b6 13. Re1 Bb7 14. Nf1 Nf6 15. Ne5 Ne4 16. Ng4 Qg5 17. f3 Nf6 18. Nf2 Nh5 19. Nh3 Qh4 20. Qd2 Nf4 21. Nxf4 Bxf4 22. Qc2 Qh6 23. Rad1 Rad8 24. Bd3 Bg5 25. Kh1 Ne7 26. c5 Bc6 27. Bc1 Bxc1 28. Qxc1 Qxc1 29. Rxc1 Rf6 30. cxb6 cxb6 31. Ng3 Be8 32. Rc7 Nc6 33. Ne2 e5 34. Bb5 e4 35. fxe4 dxe4 36. h3 Kf8 37. Ng3 Nxd4 38. Bxe8 Rxe8 39. Rxe4 Rxe4 40. Nxe4 Rf1+ 41. Kh2 Nxb3 42. Ng5 1/2-1/2

[Event "Oberliga Wuerttemberg 9495"]
[Site "Wuerttemberg"]
[Date "1995.??.??"]
[Round "?"]
[White "Schneider, Frank"]
[Black "Ambroz, Jan"]
[Result "0-1"]
[WhiteElo "2240"]
[BlackElo "2420"]
[PlyCount "58"]
[EventDate "1994.10.??"]
[EventType "team"]
[EventRounds "9"]
[EventCountry "GER"]
[SourceTitle "GER"]
[Source "ChessBase"]
[SourceDate "1999.07.01"]
[SourceVersion "1"]
[SourceVersionDate "1999.07.01"]
[SourceQuality "1"]

1. d4 Nf6 2. c4 e6 3. Nf3 Bb4+ 4. Nbd2 b6 5. a3 Bxd2+ 6. Qxd2 Bb7 7. g3 0-0 8. Bg2 a5 9. b3 d6 10. 0-0 Nbd7 11. Bb2 Qe7 12. b4 Ne4 13. Qc2 f5 14. e3 Ndf6 15. Nd2 Nxd2 16. Qxd2 Bxg2 17. Kxg2 h5 18. f3 Qf7 19. Bc3 axb4 20. axb4 Qg6 21. Ra2 h4 22. Rfa1 Rxa2 23. Qxa2 hxg3 24. hxg3 f4 25. exf4 Nh5 26. Be1 Nxf4+ 27. Kf2 Nh3+ 28. Kg2 Ng5 29. f4 Qe4+ 0-1

[Event "CZE-chT2"]
[Site "Czech Republic"]
[Date "1995.??.??"]
[Round "?"]
[White "Votruba, Pavel"]
[Black "Ambroz, Jan"]
[Result "1/2-1/2"]
[WhiteElo "2360"]
[BlackElo "2405"]
[PlyCount "32"]
[EventDate "1995.??.??"]
[EventType "team"]
[EventRounds "11"]
[EventCountry "CZE"]
[SourceTitle "EXT 1997"]
[Source "ChessBase"]
[SourceDate "1996.11.15"]
[SourceVersion "1"]
[SourceVersionDate "1996.11.15"]
[SourceQuality "1"]

1. Nf3 Nf6 2. c4 b6 3. b3 g6 4. Bb2 Bg7 5. e4 0-0 6. e5 Ne8 7. d4 d6 8. Be2 Nd7 9. 0-0 Bb7 10. e6 fxe6 11. Ng5 Rf6 12. Bg4 Nf8 13. Qe2 Bc8 14. Ne4 Rf7 15. Ng5 Rf6 16. Ne4 Rf7 1/2-1/2

[Event "Biel Credis op"]
[Site "Biel"]
[Date "1995.??.??"]
[Round "8"]
[White "Wyss, Thomas"]
[Black "Ambroz, Jan"]
[Result "0-1"]
[WhiteElo "2255"]
[BlackElo "2400"]
[PlyCount "54"]
[EventDate "1995.??.??"]
[EventType "swiss"]
[EventRounds "12"]
[EventCountry "SUI"]
[SourceTitle "CBM 048 Extra"]
[Source "ChessBase"]
[SourceDate "1995.11.01"]
[SourceVersion "1"]
[SourceVersionDate "1995.11.01"]
[SourceQuality "1"]

1. Nf3 Nf6 2. c4 b6 3. g3 c5 4. Bg2 Bb7 5. 0-0 g6 6. d4 cxd4 7. Qxd4 Bg7 8. Nc3 Nc6 9. Qh4 h6 10. Qf4 Rc8 11. Nd5 e6 12. Nxf6+ Qxf6 13. Qd6 Qe7 14. Qf4 Na5 15. Nd2 Bxg2 16. Kxg2 0-0 17. Rb1 d5 18. cxd5 exd5 19. Nf3 Qxe2 20. Re1 Qc4 21. Qd6 Qxa2 22. Bf4 g5 23. Ra1 Qb3 24. Ra3 Qb5 25. Nd4 Bxd4 26. Qxh6 Qc6 27. Bd6 Bg7 0-1

[Event "CZE-chT 9394"]
[Site "Czech Republic"]
[Date "1994.01.22"]
[Round "5"]
[White "Ambroz, Jan"]
[Black "Vokac, Marek"]
[Result "1-0"]
[WhiteElo "2420"]
[BlackElo "2485"]
[PlyCount "61"]
[EventDate "1994.11.27"]
[EventType "team-tourn"]
[EventRounds "9"]
[EventCountry "CZE"]
[SourceTitle "EXT 2019"]
[Source "ChessBase"]
[SourceDate "2018.10.10"]
[SourceVersion "1"]
[SourceVersionDate "2018.10.10"]
[SourceQuality "1"]
[WhiteTeam "Hradec Kralove Slavia"]
[BlackTeam "Praha Bohemians"]
[WhiteTeamCountry "CZE"]
[BlackTeamCountry "CZE"]

1. e4 c5 2. Nf3 Nc6 3. Bb5 g6 4. 0-0 Bg7 5. Bxc6 bxc6 6. Re1 e5 7. b4 cxb4 8. a3 Ne7 9. Bb2 d6 10. d4 bxa3 11. Nxa3 0-0 12. dxe5 d5 13. exd5 cxd5 14. c4 dxc4 15. Nxc4 Qxd1 16. Rexd1 Bg4 17. Rd3 Rfc8 18. Ne3 Bxf3 19. gxf3 Nc6 20. f4 g5 21. Nf5 gxf4 22. Nxg7 Kxg7 23. Kh1 Kg6 24. Rd6+ Kf5 25. Re1 Rab8 26. Rf6+ Kg4 27. Bc1 Rb4 28. h3+ Kxh3 29. Rg1 h5 30. Rxf4 Rb3 31. Rg2 1-0

[Event "Bad Ragaz op"]
[Site "Bad Ragaz"]
[Date "1993.??.??"]
[Round "5"]
[White "Ambroz, Jan"]
[Black "Baum, Bernd"]
[Result "1-0"]
[WhiteElo "2420"]
[BlackElo "2305"]
[PlyCount "57"]
[EventDate "1993.??.??"]
[EventType "swiss"]
[EventRounds "9"]
[EventCountry "SUI"]
[SourceTitle "CBM 038"]
[Source "ChessBase"]
[SourceDate "1994.02.01"]
[SourceVersion "1"]
[SourceVersionDate "1994.02.01"]
[SourceQuality "1"]

1. e4 d6 2. d4 Nf6 3. Nc3 g6 4. Be3 c6 5. Qd2 b5 6. Bd3 Nbd7 7. Nf3 Qc7 8. 0-0 Bg7 9. Bh6 0-0 10. Ne2 e5 11. c3 Nb6 12. Ng3 Re8 13. Bxg7 Kxg7 14. Nh4 Ng8 15. f4 f6 16. Rf2 Be6 17. f5 Bd7 18. fxg6 hxg6 19. Raf1 Rf8 20. Qe2 Qc8 21. Nxg6 Kxg6 22. Qh5+ Kg7 23. Qh4 Qd8 24. Nh5+ Kg6 25. Rf3 f5 26. exf5+ Kf7 27. f6 Be6 28. Ng7 Nxf6 29. Rxf6+ 1-0

[Event "BL2-West 9293"]
[Site "Germany"]
[Date "1993.??.??"]
[Round "?.5"]
[White "Ambroz, Jan"]
[Black "Grosse Kloenne, Elmar"]
[Result "1/2-1/2"]
[WhiteElo "2405"]
[BlackElo "2290"]
[PlyCount "62"]
[EventDate "1992.10.??"]
[EventType "team-tourn"]
[EventRounds "9"]
[EventCountry "GER"]
[SourceTitle "GER-chT2"]
[Source "ChessBase"]
[SourceDate "1999.07.01"]
[SourceVersion "1"]
[SourceVersionDate "1999.07.01"]
[SourceQuality "1"]
[WhiteTeam "Castrop Rauxel"]
[BlackTeam "Muenster"]
[WhiteTeamCountry "GER"]
[BlackTeamCountry "GER"]

1. e4 c6 2. d4 d5 3. e5 Bf5 4. Nf3 e6 5. c3 Nd7 6. Be2 Ne7 7. 0-0 c5 8. Na3 Nc6 9. Nc2 Rc8 10. dxc5 Bxc5 11. Ncd4 Bg4 12. Nxc6 bxc6 13. b4 Bb6 14. Nd4 Bxe2 15. Qxe2 0-0 16. a4 a5 17. bxa5 Bxa5 18. Qe3 Qc7 19. f4 Bb6 20. Kh1 Bxd4 21. cxd4 c5 22. Ba3 Rfd8 23. Rfc1 cxd4 24. Qxd4 Qb7 25. Bd6 Qa6 26. Qb4 Rxc1+ 27. Rxc1 Rc8 28. Rxc8+ Qxc8 29. g3 Qc1+ 30. Kg2 Qc2+ 31. Kf3 Qd1+ 1/2-1/2

[Event "BL2-West 9293"]
[Site "Germany"]
[Date "1993.??.??"]
[Round "?.5"]
[White "Ambroz, Jan"]
[Black "Schnaebele, Uwe"]
[Result "1/2-1/2"]
[WhiteElo "2405"]
[BlackElo "2270"]
[PlyCount "121"]
[EventDate "1992.10.??"]
[EventType "team-tourn"]
[EventRounds "9"]
[EventCountry "GER"]
[SourceTitle "GER-chT2"]
[Source "ChessBase"]
[SourceDate "1999.07.01"]
[SourceVersion "1"]
[SourceVersionDate "1999.07.01"]
[SourceQuality "1"]
[WhiteTeam "Castrop Rauxel"]
[BlackTeam "Hofheim"]
[WhiteTeamCountry "GER"]
[BlackTeamCountry "GER"]

1. e4 g6 2. d4 Bg7 3. c3 d6 4. Nf3 a6 5. Nbd2 Nc6 6. d5 Nb8 7. Bd3 c5 8. 0-0 Nf6 9. a4 b6 10. Re1 0-0 11. Nc4 Bb7 12. Bg5 h6 13. Bd2 Nbd7 14. h3 Re8 15. Qc1 Kh7 16. Qb1 b5 17. Na3 e6 18. axb5 exd5 19. bxa6 Bxa6 20. Bxa6 Rxa6 21. exd5 Rxe1+ 22. Qxe1 Nxd5 23. Rd1 N5b6 24. Qe2 Ra8 25. Nc4 d5 26. Nxb6 Nxb6 27. Be3 Qe8 28. Qd3 Nc4 29. Bc1 Rd8 30. Re1 Qd7 31. h4 Kh8 32. h5 g5 33. Qd1 Qf5 34. Nd2 Ne5 35. Nf3 Nd3 36. Qc2 c4 37. Rd1 Qg4 38. Ne1 Nxe1 39. Rxe1 Qxh5 40. Qf5 d4 41. cxd4 Bxd4 42. g3 Kg7 43. Kg2 Qg6 44. Qxg6+ Kxg6 45. Re4 Rd6 46. Be3 Bxe3 47. Rxe3 Rb6 48. Re4 Rc6 49. Rd4 Kf5 50. Kf3 Ke5 51. Ke3 c3 52. Re4+ Kd5 53. Rd4+ Ke5 54. Re4+ Kf5 55. g4+ Kg6 56. bxc3 Rxc3+ 57. Ke2 h5 58. gxh5+ Kxh5 59. Re5 f6 60. Rb5 Ra3 61. f4 1/2-1/2

[Event "BL2-West 9293"]
[Site "Germany"]
[Date "1993.??.??"]
[Round "?.5"]
[White "Ambroz, Jan"]
[Black "Tamm, Ulrich"]
[Result "1-0"]
[WhiteElo "2405"]
[BlackElo "2295"]
[PlyCount "59"]
[EventDate "1992.10.??"]
[EventType "team-tourn"]
[EventRounds "9"]
[EventCountry "GER"]
[SourceTitle "GER-chT2"]
[Source "ChessBase"]
[SourceDate "1999.07.01"]
[SourceVersion "1"]
[SourceVersionDate "1999.07.01"]
[SourceQuality "1"]
[WhiteTeam "Castrop Rauxel"]
[BlackTeam "Enger Spenge"]
[WhiteTeamCountry "GER"]
[BlackTeamCountry "GER"]

1. e4 e5 2. Nf3 Nc6 3. Bb5 a6 4. Ba4 Nf6 5. d3 d6 6. c3 Be7 7. 0-0 0-0 8. Re1 b5 9. Bc2 Re8 10. Nbd2 Bf8 11. Nf1 d5 12. Bg5 dxe4 13. dxe4 Qxd1 14. Raxd1 Nd7 15. Ne3 Nc5 16. Nd5 Bd6 17. Be3 Ne6 18. a4 Bb7 19. b4 Ne7 20. Nxe7+ Rxe7 21. Nd2 Rd8 22. axb5 axb5 23. Nb3 Ree8 24. Ra1 Ra8 25. Na5 Bc8 26. Bb3 Be7 27. Bd5 Ra6 28. Bc6 Rd8 29. Bxb5 Rad6 30. Nc6 1-0

[Event "Bad Ragaz op"]
[Site "Bad Ragaz"]
[Date "1993.??.??"]
[Round "7"]
[White "Huss, Andreas"]
[Black "Ambroz, Jan"]
[Result "0-1"]
[WhiteElo "2410"]
[BlackElo "2420"]
[PlyCount "135"]
[EventDate "1993.??.??"]
[EventType "swiss"]
[EventRounds "9"]
[EventCountry "SUI"]
[SourceTitle "TD"]
[Source "ChessBase"]
[SourceDate "1994.03.01"]
[SourceVersion "1"]
[SourceVersionDate "1994.03.01"]
[SourceQuality "1"]

1. d4 Nf6 2. Nf3 e6 3. c4 Bb4+ 4. Nbd2 0-0 5. a3 Be7 6. e4 d5 7. e5 Nfd7 8. cxd5 exd5 9. b4 b6 10. Qb3 c6 11. Bb2 a5 12. b5 a4 13. Qa2 Bb7 14. bxc6 Nxc6 15. Rc1 Na7 16. Bd3 b5 17. Bc3 Nb6 18. Rb1 Nc4 19. Bb4 Bxb4 20. Rxb4 Ba6 21. 0-0 Nc6 22. Rbb1 Qe7 23. Nxc4 bxc4 24. Bc2 Bc8 25. h3 Bd7 26. Rfe1 Na5 27. Rb4 Nb3 28. Qb1 g6 29. Qb2 Rfb8 30. Rxb8+ Rxb8 31. Re3 Be6 32. Re1 Rb7 33. Re3 Qc7 34. Qc3 Qe7 35. Qb2 Kg7 36. Kh1 Rb8 37. Re1 Rc8 38. Re3 Rc6 39. Kh2 Rb6 40. Kh1 Rb5 41. Kh2 Qc7 42. Qc3 Qe7 43. Qb2 Rb6 44. Kh1 Rb8 45. Kh2 Qf8 46. Kg3 h6 47. h4 Qe7 48. Re1 Rb7 49. Re3 Rb5 50. Re1 Qf8 51. Re3 Rb7 52. Re1 Rb8 53. Re3 c3 54. Qxc3 Qxa3 55. Qe1 Qb2 56. Qd1 Rb4 57. Rd3 Bf5 58. e6 Bxe6 59. Qe2 Kg8 60. Re3 Nxd4 61. Nxd4 Qxd4 62. Kh2 Qxh4+ 63. Kg1 Qf6 64. Qe1 Rc4 65. Bd3 Rf4 66. g3 Rf3 67. Rxf3 Qxf3 68. Bf1 0-1

[Event "Bad Ragaz op"]
[Site "Bad Ragaz"]
[Date "1993.??.??"]
[Round "4"]
[White "Jurek, Josef"]
[Black "Ambroz, Jan"]
[Result "1/2-1/2"]
[WhiteElo "2305"]
[BlackElo "2420"]
[PlyCount "36"]
[EventDate "1993.??.??"]
[EventType "swiss"]
[EventRounds "9"]
[EventCountry "SUI"]
[SourceTitle "TD"]
[Source "ChessBase"]
[SourceDate "1994.03.01"]
[SourceVersion "1"]
[SourceVersionDate "1994.03.01"]
[SourceQuality "1"]

1. c4 Nf6 2. Nc3 e6 3. d4 d5 4. cxd5 exd5 5. Bg5 c6 6. Qc2 Na6 7. e3 Nb4 8. Qd1 Bf5 9. Rc1 Qa5 10. Bxf6 gxf6 11. Qd2 Nxa2 12. Ra1 Nxc3 13. Rxa5 Ne4 14. Rxd5 Nxd2 15. Rxf5 Bb4 16. Ke2 Ke7 17. Nf3 Nc4 18. Kd1 Nd6 1/2-1/2

[Event "BL2-West 9293"]
[Site "Germany"]
[Date "1993.??.??"]
[Round "?.5"]
[White "Schoebel, Wolfgang"]
[Black "Ambroz, Jan"]
[Result "1/2-1/2"]
[WhiteElo "2210"]
[BlackElo "2405"]
[PlyCount "90"]
[EventDate "1992.10.??"]
[EventType "team-tourn"]
[EventRounds "9"]
[EventCountry "GER"]
[SourceTitle "GER-chT2"]
[Source "ChessBase"]
[SourceDate "1999.07.01"]
[SourceVersion "1"]
[SourceVersionDate "1999.07.01"]
[SourceQuality "1"]
[WhiteTeam "Schoeneck"]
[BlackTeam "Castrop Rauxel"]
[WhiteTeamCountry "GER"]
[BlackTeamCountry "GER"]

1. d4 Nf6 2. c4 e6 3. g3 d5 4. Bg2 Be7 5. Nf3 0-0 6. 0-0 c6 7. Nbd2 b6 8. b3 Bb7 9. Bb2 a5 10. Qc2 Na6 11. e4 Nb4 12. Qb1 Rc8 13. Rd1 Rc7 14. a3 Na6 15. h4 h6 16. e5 Nd7 17. cxd5 cxd5 18. Bf1 Nab8 19. Bd3 Qc8 20. Bh7+ Kh8 21. Kg2 Re8 22. Rh1 Nf8 23. Bd3 Ba6 24. Nf1 Bxd3 25. Qxd3 Qa6 26. Qd1 Nbd7 27. Ne3 f5 28. Ng5 Qa8 29. Qh5 Nxe5 30. Nxf5 exf5 31. dxe5 d4+ 32. Nf3 Ne6 33. Rac1 Rxc1 34. Rxc1 Rf8 35. Qg6 Qd5 36. Rc4 b5 37. Rxd4 Nxd4 38. Bxd4 Qd8 39. a4 bxa4 40. bxa4 f4 41. gxf4 Rxf4 42. Be3 Rxa4 43. Bxh6 gxh6 44. Qxh6+ Kg8 45. Qg6+ Kh8 1/2-1/2

[Event "BL2-West 9192"]
[Site "Germany"]
[Date "1992.??.??"]
[Round "4.5"]
[White "Ambroz, Jan"]
[Black "Buchal, Stephan"]
[Result "1-0"]
[WhiteElo "2415"]
[BlackElo "2295"]
[PlyCount "55"]
[EventDate "1991.10.??"]
[EventType "team-tourn"]
[EventRounds "9"]
[EventCountry "GER"]
[SourceTitle "GER-chT2"]
[Source "ChessBase"]
[SourceDate "1999.07.01"]
[SourceVersion "1"]
[SourceVersionDate "1999.07.01"]
[SourceQuality "1"]
[WhiteTeam "Castrop Rauxel"]
[BlackTeam "Hofheim"]
[WhiteTeamCountry "GER"]
[BlackTeamCountry "GER"]

1. e4 g6 2. d4 Bg7 3. Nf3 d6 4. c3 b6 5. Bb5+ Bd7 6. Bd3 c5 7. 0-0 Nc6 8. d5 Ne5 9. Nxe5 dxe5 10. f4 Qc7 11. Na3 exf4 12. Bxf4 Be5 13. Bxe5 Qxe5 14. Nc4 Qg5 15. e5 Nh6 16. e6 fxe6 17. dxe6 Bxe6 18. Be4 Rd8 19. Bc6+ Bd7 20. Qa4 Qd5 21. Bxd7+ Rxd7 22. Rad1 Qb7 23. Ne5 b5 24. Rxd7 Qxd7 25. Qa6 Qc7 26. Qxb5+ Kd8 27. Rd1+ Kc8 28. Qa6+ 1-0

[Event "Bern op"]
[Site "Bern"]
[Date "1992.??.??"]
[Round "8"]
[White "Ambroz, Jan"]
[Black "Gluzman, Mikhail"]
[Result "1-0"]
[WhiteElo "2415"]
[BlackElo "2425"]
[PlyCount "121"]
[EventDate "1992.02.??"]
[EventType "swiss"]
[EventRounds "9"]
[EventCountry "SUI"]
[SourceTitle "CBM 028"]
[Source "ChessBase"]
[SourceDate "1992.06.01"]
[SourceVersion "1"]
[SourceVersionDate "1992.06.01"]
[SourceQuality "1"]

1. e4 c5 2. Nf3 e6 3. Nc3 a6 4. g3 Nc6 5. Bg2 g6 6. d4 cxd4 7. Nxd4 Bg7 8. Nxc6 dxc6 9. Qxd8+ Kxd8 10. Bf4 e5 11. Be3 Nf6 12. Bb6+ Ke7 13. Bc5+ Ke8 14. Bd6 Nd7 15. 0-0-0 Bf8 16. Bc7 Bc5 17. f4 Bb6 18. Bd6 exf4 19. gxf4 Nf8 20. f5 gxf5 21. exf5 Bxf5 22. Rhf1 Rg8 23. Bxc6+ bxc6 24. Rxf5 Rg1 25. Rxg1 Bxg1 26. Ne4 Nd7 27. c3 f6 28. Nxf6+ Nxf6 29. Rxf6 Kd7 30. Bg3 c5 31. Rf7+ Ke6 32. Rxh7 c4 33. Rh4 Kd5 34. b3 cxb3 35. axb3 Re8 36. Rh5+ Kc6 37. Re5 Rh8 38. Re6+ Kb5 39. Re5+ Kc6 40. Re2 Rh6 41. Kc2 Rg6 42. Kd3 Rh6 43. Ke4 Rh7 44. Kd3 Rh6 45. Kc4 Rg6 46. b4 Rh6 47. Kb3 a5 48. bxa5 Kb5 49. Re5+ Ka6 50. h4 Ba7 51. Rd5 Rh8 52. h5 Rg8 53. Bf4 Rg4 54. Rf5 Rh4 55. h6 Bg1 56. Rf7 Rh3 57. Kc4 Bf2 58. h7 Be1 59. Rf6+ Kb7 60. Rh6 Rxc3+ 61. Kd5 1-0

[Event "Bern op"]
[Site "Bern"]
[Date "1992.??.??"]
[Round "3"]
[White "Barle, Janez"]
[Black "Ambroz, Jan"]
[Result "1/2-1/2"]
[WhiteElo "2430"]
[BlackElo "2415"]
[PlyCount "81"]
[EventDate "1992.02.??"]
[EventType "swiss"]
[EventRounds "9"]
[EventCountry "SUI"]
[SourceTitle "CBM 028"]
[Source "ChessBase"]
[SourceDate "1992.06.01"]
[SourceVersion "1"]
[SourceVersionDate "1992.06.01"]
[SourceQuality "1"]

1. Nf3 Nf6 2. c4 b6 3. g3 c5 4. Bg2 Bb7 5. 0-0 g6 6. b3 Bg7 7. Bb2 0-0 8. Nc3 Na6 9. e3 e6 10. d4 d5 11. Ne5 Qe7 12. cxd5 exd5 13. Re1 Ne4 14. Nxe4 dxe4 15. Qe2 Nc7 16. Nc4 Ne6 17. dxc5 Bxb2 18. Qxb2 Nxc5 19. Qe5 Qxe5 20. Nxe5 Rfe8 21. Nc4 Ba6 22. Nb2 Rac8 23. Red1 Nd3 24. Rd2 Nxb2 25. Rxb2 Rc3 26. Bf1 Bd3 27. Rd1 f5 28. Bxd3 exd3 29. Rbd2 Rd8 30. Kg2 b5 31. Kf3 b4 32. e4 fxe4+ 33. Kxe4 Re8+ 34. Kf3 Rf8+ 35. Kg2 Rd8 36. f3 Kf7 37. Kf2 Kf6 38. h4 h5 39. Ke3 Re8+ 40. Kf4 Rd8 41. Ke3 1/2-1/2